| 000 | 00762nam a22001937a 4500 | ||
|---|---|---|---|
| 999 |
_c371190 _d371190 |
||
| 008 | 201127b ||||| |||| 00| 0 eng d | ||
| 040 |
_aDE-2950 _bger _cDE-2950 _erda |
||
| 041 | _ager | ||
| 100 | _aGutke, Thomas: | ||
| 245 |
_aHEP soll modernisiert werden. _bEinkaufen: Mit Edeka stand der größte Mieter bereits kurz vor dem Auszug. Jetzt steht das Center in Neuberesinchen vor einer umfassenden Erneuerung / _cThomas Gutke |
||
| 264 | _c2021 | ||
| 653 | _aFrankfurt (Oder) | ||
| 653 | _aHedwigs Einkaufspark | ||
| 773 |
_dFrankfurt (Oder) Märkisches Verlags- und Druckhaus GmbH & Co KG _tMärkische Oderzeitung _g32. Jahrgang (2021) Nr. 285 vom 06.12.2021, S. 13 |
||
| 942 | _cA | ||